| 000 | 00425nam a2200133Ia 4500 | ||
|---|---|---|---|
| 008 | 220216s9999 xx 000 0 und d | ||
| 100 | _aJacob J | ||
| 245 | 0 | _aIndian rubber industry in the post covid-19 scenario: R&D strategies for self-reliance | |
| 260 | _bWebinar, 20th May 2020, Rubber Research Institute of India, Kottayam, India | ||
| 650 | _aCovid-19 | ||
| 650 | _aIndia | ||
| 650 | _aRubber industry | ||
| 942 | _cBS | ||
| 999 |
_c51302 _d51302 |
||